| 000 | 00878nam a2200253 i 4500 | ||
|---|---|---|---|
| 001 | 15405 | ||
| 003 | ES-MaACL | ||
| 005 | 20230906151050.0 | ||
| 007 | t| | ||
| 008 | 000302s1999 sp ||||1| spa d | ||
| 020 | _a84-87311-13-X | ||
| 080 | _a930.255.1(460.352 Baeza) | ||
| 080 | _a9.460.352 Baeza(093.2) | ||
| 100 | 1 |
_aRodríguez-Moñino Soriano, Rafael. _998682 |
|
| 245 | 1 | 0 |
_aArchivos de la ciudad de Baeza y catálogos para su historia eclesiática / _cRafael Rodríguz-Moñino Soriano. |
| 260 |
_aMadrid : _bAsociación Cultural Beturia, _c1999. |
||
| 300 |
_a213 p. : _bil. ; _c22 cm. |
||
| 490 | 1 | _aColección Diego Muñoz Torrero | |
| 650 | 1 | 4 |
_aArchivos eclesiásticos- _zBaeza. _99955 |
| 651 | 4 |
_aBaeza- _xHistoria- _vFuentes. _97855 |
|
| 830 | 0 |
_aColección Diego Muñoz Torrero _9180351 |
|
| 852 |
_aES-MaACL _jL-22516 _bR.127856 |
||
| 999 |
_c15405 _d15405 |
||